| 000 | 00342nam a22001337a 4500 | ||
|---|---|---|---|
| 008 | 170612b xxu||||| |||| 00| 0 eng d | ||
| 020 | _a9781584870043 | ||
| 041 | _aeng | ||
| 080 | _a94(7/8) | ||
| 100 | _a19 | ||
| 101 | _aSHH | ||
| 245 |
_aCHINA'S STRATEGIC MODERNIZATION: IMPLICATIONS FOR THE UNITED STATES _cSTOKES, M,A |
||
| 942 |
_2udc _cBK |
||
| 999 |
_c17047 _d17047 |
||